Italian Passato Prossimo Quiz Stats

 Plays Quiz not verified by Sporcle

Challenge
Share
Tweet
Score 0/22 Timer 15:00
0 Plays Today
% Correct
scrivere
94%
arrivare
93.6%
andare
92.4%
leggere
92.4%
bere
92%
rispondere
90.8%
partire
90%
fare
90%
mettere
88.8%
entrare
88.4%
essere
88.4%
% Correct
dire
88.4%
nascere
88%
uscire
88%
tornare
87.6%
rimanere
86.3%
venire
86.3%
stare
85.5%
cadere
85.5%
prendere
85.1%
chiedere
84.3%
vedere
83.9%

You're not logged in!

Compare scores with friends on all Sporcle quizzes.
OR
Log In

You Might Also Like...

Show Comments

Extras

Top Quizzes Today


Score Distribution

Your Account Isn't Verified!

In order to create a playlist on Sporcle, you need to verify the email address you used during registration. Go to your Sporcle Settings to finish the process.

Report this User

Report this user for behavior that violates our Community Guidelines.

Details: